Postaw na milion 372 - Statystyki

Ogólne statystyki
  • Ten quiz został rozwiązany 12 razy
  • Średni wynik to 8 z 12
Statystyki odpowiedzi
Zagadnienie Odpowiedź % Poprawnych
Teorię względności sformułował: Albert Einstein
100%
Jeśli ktoś nie pozwala nikomu się lekceważyć lub oszukiwać, to mówimy że nie daje sobie... w kaszę dmuchać
100%
Z którym państwem Polska ma najdłuższą granicę? Czechy
92%
Największym gryzoniem na świecie jest: kapibara wielka
92%
Bohaterka przeboju Maanamu chce "jeszcze raz pojechać do Europy lub jeszcze dalej do..." Buenos Aires
83%
Hematyt, limonit, piryt to rudy: żelaza
83%
Która z tych agencji rządowych USA powstała wcześniej? FBI
75%
Na czyim pogrzebie Elton John wykonał piosenkę "Candle in the Wind" ze słowami "Goodbye England's Rose"? księżnej Diany
75%
W czerwcu 2025 roku na polskim rynku sztuki obraz Jacka Malczewskiego "Rzeczywistość" został kupiony za rekordową kwotę. Jaką? 22 mln zł
42%
Substancja o specyficznym działaniu przeciwgorączkowym to inaczej: antypiretyk
33%
Element skrzypiec, stojący prostopadle do płyty górnej, podtrzymujący struny i przekazujący ich drgania na pudło rezonansowe, to: podstawek
33%
Według GUS-u najwięcej kilometrów eksploatowanych linii kolejowych jest w województwie: wielkopolskim
0%
Nie znaleziono quizów pasujących do podanych kryteriów
Rozkład punktacji
Procent ludzi z każdym wynikiem
Percentyl według liczby udzielonych odpowiedzi
Twoja historia wyników
Nie rozwiązałeś tego quizu